| 000 | 01022nas a2200313 4500 | ||
|---|---|---|---|
| 001 | BR2017001292 | ||
| 003 | BR-BrBNA | ||
| 005 | 20231205130929.0 | ||
| 007 | ta | ||
| 008 | 230509b bl.|||p| |||| 00| 00por d | ||
| 040 |
_aBR-BrBNA _bpor _cBiblioteca Nacional de Agricultura |
||
| 041 | _a(En) | ||
| 072 | _aF30 | ||
| 100 | 1 | _aWeiler, R.L. | |
| 100 | 1 | _aDall'Agnol, M. | |
| 100 | 1 | _aSimioni, C. | |
| 100 | 1 | _aKrycki, K.C. | |
| 100 | 1 | _aDahmer, N. | |
| 100 | 1 | _aGuerra, D. | |
| 245 | 1 | _aDetermination of the mode of reproduction of bahiagrass hybrids using cytoembryological analysis and molecular markers | |
| 650 | _aPASPALUM NOTATUM | ||
| 650 | _aGRAMA-BATATAIS | ||
| 650 | _aMARCADOR MOLECULAR | ||
| 650 | _aMELHORAMENTO VEGETAL | ||
| 773 | 0 |
_tRevista Brasileira de Zootecnia (Brazil) _xISSN 1806-9290 _g(Mar 2017), v. 46(3) p. 185-191 _wBR2017001292 |
|
| 856 | 4 | 0 | _uhttp://www.scielo.br/pdf/rbz/v46n3/1806-9290-rbz-46-3-0185.pdf |
| 909 |
_a202311 _bLúcia _c55 _dLúcia Elande |
||
| 942 |
_2AGRIS _n0 _cANA |
||
| 999 |
_c252101 _d252101 |
||